000 00374nam a2200145 i 4500
001 bg
100 1 _aSACHNOVSKIJ, M. M.
245 0 _aTechnologicnost stroitelnych svornych stalnych konstrukcij /
_cM.M. Sachnovskij.
250 _aIzdanie vtoroe.
260 _aKiev,
_c1970.
040 _cBPK
041 _apol
942 _cKS
008 s pl f |000 0 pol
999 _c12891
_d12891
856 _uhttp://koha.tu.koszalin.pl/cgi-bin/koha/opac-detail.pl?biblionumber=12891
_yKatalog online BPK